Inflation in the Russian Federation Dynamics and Causes
Guardado en:
| Autor principal: | |
|---|---|
| Otros Autores: | |
| Formato: | Libro |
| Lenguaje: | inglés |
| Publicado: |
Vienna
Institute for Advanced Studies
1994
|
| Edición: | 1. ed. |
| Materias: | |
| Etiquetas: |
Sin Etiquetas, Sea el primero en etiquetar este registro!
|
MARC
| LEADER | 00000nam a2200000 4500 | ||
|---|---|---|---|
| 001 | c005486 | ||
| 005 | 20221205140628.2 | ||
| 041 | 0 | |a eng | |
| 044 | |a AT | ||
| 245 | 1 | 0 | |a Inflation in the Russian Federation |b Dynamics and Causes |c Vladimir Titkov, Andreas Wörgötter |
| 250 | |a 1. ed. | ||
| 264 | 1 | |a Vienna |b Institute for Advanced Studies |c 1994 | |
| 300 | |a 34 s. | ||
| 610 | 2 | 0 | |a Rusko |
| 610 | 2 | 0 | |a inflácia |
| 610 | 2 | 0 | |a ceny |
| 610 | 2 | 0 | |a reformy |
| 100 | 1 | |a Titkov, Vladimir | |
| 700 | 1 | |a Wörgötter, Andreas | |